00641nam a2200181 a 4500001001000000005001700010008004100027020001500068050002300083100001700106245012800123260003700251300004300288504003200331650004400363650003300407700001900440BRCA_135820190320203406.0930630s1988 sp-a---##b---#000-0#eng-# a0500973695 4aNK2883b.L57 1988b1 aLipton, Mimi10aThe Tiger Rugs of Tibetcedited and with an introduction by Mimi Lipton ; with contributions by Cyril Barrett ... [et al.]. aLondresbThames and Hudsonc1988 a191 p.bil. (algunas a color)c31 cm. aBibliografía : p. 190-19114aMantas, orientalesxExposicioneszChina14aTigres en artexExposiciones1 aBarrett, Cyril